Deutschland und der kalte Krieg /
| Hlavní autor: | Nolte, Ernst, 1923-2016 |
|---|---|
| Jazyk: | Němčina |
| Vydáno: |
München : R. Piper & Co., 1974 |
| Fyzický popis: |
755 s. |
| LEADER | 00576nam a22001932a 4500 | ||
|---|---|---|---|
| 001 | 001234382 | ||
| 003 | CZ BrMZK | ||
| 005 | 20130314111026.0 | ||
| 007 | ta | ||
| 008 | 120725s1974 gw er 000 0 ger d | ||
| 040 | |a BOA001 |b cze | ||
| 100 | 1 | |a Nolte, Ernst, |d 1923-2016 |7 jn19990006158 |4 aut | |
| 245 | 1 | 0 | |a Deutschland und der kalte Krieg / |c Ernst Nolte |
| 260 | |a München : |b R. Piper & Co., |c 1974 | ||
| 300 | |a 755 s. | ||
| 910 | |a BOA001 |b 2-0751.823 | ||
| 990 | |a BK | ||
| 991 | |b 201207 | ||
| 996 | 7 | |b 2619538371 |c 2-0751.823 |l MZK |r Sklad / do 1 hodiny |n 0 |w 001268352 |u 000010 |a 1 |e BOA001 |j MZK50 |s A | |
English
Čeština 